Hodnotenie vysokých škôl: Fronc vyčlenil 25 miliónov
Ciele a fázy projektu inštitucionálneho hodnotenia vysokých škôl. Hodnotenie Európskou asociáciou univerzít (EUA). Investície do vzdelávania podľa OECD.
Salvato in:
| Autore principale: | |
|---|---|
| Natura: | Capitolo di libro |
| Lingua: | slovacco |
| Soggetti: | |
| Tags: |
Nessun Tag, puoi essere il primo ad aggiungerne!!
|
MARC
| LEADER | 00000naa$a2200000$$$4500 | ||
|---|---|---|---|
| 001 | 0034039 | ||
| 005 | 20231004130731.7 | ||
| 041 | 0 | |a slo | |
| 044 | |a SK | ||
| 245 | 1 | 0 | |a Hodnotenie vysokých škôl: Fronc vyčlenil 25 miliónov |c Annamária Domeová |
| 520 | |a Ciele a fázy projektu inštitucionálneho hodnotenia vysokých škôl. Hodnotenie Európskou asociáciou univerzít (EUA). Investície do vzdelávania podľa OECD. | ||
| 610 | 2 | 0 | |a školy vysoké |
| 610 | 2 | 0 | |a vzdelávanie vysokoškolské |
| 610 | 2 | 0 | |a programy rozvojové |
| 610 | 2 | 0 | |a granty |
| 610 | 2 | 0 | |a Slovensko |
| 100 | 1 | |a Domeová, Annamária | |